000 00482nam a2200205Ia 4500
999 _c2897
_d2897
003 0100
008 130227s9999 xx 000 0 und d
040 _cARRUPELIB
050 _aDT60.B7 1968
100 _aBratton, Fred Gladstone
_938982
245 2 _aA history of Egyptian archaeology /
260 _aNew York
_bThomas Y. Crowell
_c1968
300 _a313p
300 _b 21cm
650 _aEgypt
_xAntiquities
_924091
650 _aArchaeology
_xHistory
_936192
942 _2lcc
_cMONOGRAPH